Sports Quiz

Random Sports or MLB Quiz

MLB Most 20-Win Seasons Quiz Stats

 Plays Quiz Updated Sep 30, 2017

Score 0/32 Timer 07:00
5 Plays Today
# 20-Win Seasons Pitcher % Correct
12Walter Johnson
88.5%
6Cy Young
86.4%
6Roger Clemens
81.1%
5Bob Gibson
67.2%
5Tom Seaver
64.5%
5Tom Glavine
60.2%
6Steve Carlton
58.9%
13Christy Mathewson
57.6%
13Warren Spahn
57.1%
8Jim Palmer
53.8%
6Bob Feller
48.5%
8Lefty Grove
43.5%
9Pete Alexander
42%
5Gaylord Perry
39.5%
7Ferguson Jenkins
39.2%
6Juan Marichal
37.1%
# 20-Win Seasons Pitcher % Correct
5Catfish Hunter
33.3%
6Mordecai Brown
32.9%
6Robin Roberts
26.2%
5Early Wynn
23.4%
5Carl Hubbell
23.1%
8Eddie Plank
20.1%
7Bob Lemon
19.1%
5Jack Chesbro
11.6%
6Joe McGinnity
8.9%
5Burleigh Grimes
7.9%
5Stan Coveleski
5.1%
6Vic Willis
4.5%
5Carl Mays
4.4%
6Wes Ferrell
3.7%
5Hippo Vaughn
3.3%
5George Mullin
2%

You're not logged in!

Compare scores with friends on all Sporcle quizzes.
OR
Log In

Sporcle TV

Today on Sporcle TV


Watch our educational content, quiz creation guides, and fun videos on Sporcle TV.

Show Comments

Extras

Top Quizzes Today


Score Distribution

Your Account Isn't Verified!

In order to create a playlist on Sporcle, you need to verify the email address you used during registration. Go to your Sporcle Settings to finish the process.

Report this User

Report this user for behavior that violates our Community Guidelines.

Details: